[Event "Dortmund Sparkassen op-B 47th"]
[Site "Dortmund"]
[Date "2019.07.13"]
[Round "1"]
[White "Sakowski, Christian"]
[Black "Kohlen, Hubert"]
[Result "1-0"]
[WhiteElo "1692"]
[BlackElo "1305"]
[PlyCount "69"]
[EventDate "2019.07.13"]
[EventType "swiss"]
[EventRounds "9"]
[EventCountry "GER"]
[SourceTitle "CBM 192 Extra"]
[Source "Chessbase"]
[SourceDate "2019.11.06"]
[SourceVersion "1"]
[SourceVersionDate "2019.11.06"]
[SourceQuality "1"]

1. d4 Nf6 2. Nf3 e6 3. Bg5 Be7 4. e3 d6 5. Bd3 b6 6. 0-0 Bb7 7. Nbd2 0-0 8. c3 Nbd7 9. Re1 c5 10. Qe2 Ne8 11. Bxe7 Qxe7 12. a4 a6 13. Nf1 f5 14. Ng3 g6 15. h3 Nef6 16. c4 a5 17. Nf1 Be4 18. N1d2 d5 19. b3 Rae8 20. Nb1 e5 21. dxe5 Nxe5 22. Nxe5 Qxe5 23. Na3 Qc3 24. Bxe4 Rxe4 25. f3 Re7 26. cxd5 Nxd5 27. Qc4 Qxc4 28. Nxc4 Re6 29. Kf2 Nb4 30. Rad1 Rff6 31. Rd7 Rc6 32. Red1 Na6 33. Ra7 Rf7 34. Rxf7 Kxf7 35. Ne5+ 1-0

[Event "Bad Woerishofen op-B 35th"]
[Site "Bad Woerishofen"]
[Date "2019.03.23"]
[Round "9.18"]
[White "Keymling, Detlev Juergen"]
[Black "Sakowski, Christian"]
[Result "0-1"]
[WhiteElo "1589"]
[BlackElo "1799"]
[PlyCount "108"]
[EventDate "2019.03.15"]
[EventType "swiss"]
[EventRounds "9"]
[EventCountry "GER"]
[SourceTitle "EXT 2020"]
[Source "ChessBase"]
[SourceDate "2019.10.17"]
[SourceVersion "1"]
[SourceVersionDate "2019.10.17"]
[SourceQuality "1"]

1. d4 Nf6 2. Nf3 g6 3. Nc3 d5 4. e3 Bg7 5. Bd3 0-0 6. Ne2 Nbd7 7. c4 dxc4 8. Bxc4 Ne4 9. Nc3 Ndf6 10. Qc2 Nd6 11. Bd3 c6 12. e4 Nde8 13. e5 Nd5 14. 0-0 Nb4 15. Qe2 Nxd3 16. Qxd3 Bf5 17. Qe2 Nc7 18. Nh4 Be6 19. Ne4 Bd5 20. f4 Ne6 21. Nf3 Qb6 22. Rd1 Rfd8 23. Be3 Bxe4 24. d5 Bxf3 25. Qxf3 Qc7 26. dxe6 fxe6 27. Rac1 Rxd1+ 28. Rxd1 a6 29. b4 Rd8 30. a4 Rd5 31. a5 Qd7 32. Rc1 Rd3 33. Qe2 Qd5 34. Kf2 Qe4 35. Bd2 Qxe2+ 36. Kxe2 Rd5 37. Be3 g5 38. g3 Kf7 39. Rd1 Kg6 40. Rd4 Kf5 41. h3 Rxd4 42. Bxd4 gxf4 43. gxf4 Kxf4 44. Kd3 Bxe5 45. Bf2 Bd6 46. Be1 h5 47. Kc4 Kf3 48. Kd3 e5 49. h4 e4+ 50. Kc4 e5 51. Kc3 Ke2 52. Bg3 Kd1 53. Kc4 e3 54. Kd3 e2 0-1

[Event "Bad Woerishofen op 34th"]
[Site "Bad Woerishofen"]
[Date "2018.02.25"]
[Round "4"]
[White "Sakowski, Christian"]
[Black "Listl, Rudolf"]
[Result "1/2-1/2"]
[WhiteElo "1822"]
[BlackElo "1975"]
[PlyCount "70"]
[EventDate "2018.02.23"]
[EventType "swiss"]
[EventRounds "9"]
[EventCountry "GER"]
[SourceTitle "EXT 2019"]
[Source "ChessBase"]
[SourceDate "2018.10.10"]
[SourceVersion "1"]
[SourceVersionDate "2018.10.10"]
[SourceQuality "1"]

1. Nf3 Nf6 2. g3 b6 3. Bg2 Bb7 4. 0-0 e6 5. d4 Be7 6. c4 0-0 7. Nc3 d5 8. cxd5 exd5 9. b3 Re8 10. Bb2 Nbd7 11. e3 Rc8 12. Rc1 c6 13. Re1 Bb4 14. a3 Bd6 15. Rc2 Ba6 16. Bf1 Bxf1 17. Kxf1 Qe7 18. Qa1 Qe6 19. Kg2 h5 20. Qd1 Nf8 21. Rc1 Ng6 22. Ng5 Qf5 23. h4 Ng4 24. Qf3 Qd7 25. Ne2 f6 26. Nh3 Re4 27. Nc3 Re7 28. Nxd5 cxd5 29. Qxd5+ Re6 30. Nf4 Rxc1 31. Bxc1 Nf8 32. Nxe6 Nxe6 33. e4 Qe7 34. f3 Nh6 35. Bxh6 gxh6 1/2-1/2

[Event "Bad Woerishofen op 29th"]
[Site "Bad Woerishofen"]
[Date "2013.03.09"]
[Round "9"]
[White "Sakowski, Christian"]
[Black "Dobierzin, Olaf"]
[Result "0-1"]
[WhiteElo "1960"]
[BlackElo "2056"]
[PlyCount "56"]
[EventDate "2013.03.01"]
[EventType "swiss"]
[EventRounds "9"]
[EventCountry "GER"]
[SourceTitle "CBM 153 Extra"]
[Source "ChessBase"]
[SourceDate "2013.04.22"]
[SourceVersion "1"]
[SourceVersionDate "2013.04.22"]
[SourceQuality "1"]

1. c4 g6 2. d4 Bg7 3. Nc3 c5 4. d5 d6 5. e4 Nf6 6. Bd3 0-0 7. Nf3 Bg4 8. h3 Bxf3 9. Qxf3 Nbd7 10. Bf4 Qa5 11. 0-0 a6 12. Qe2 Rab8 13. Bd2 Ne5 14. f4 Nxd3 15. Qxd3 b5 16. cxb5 axb5 17. a3 Qb6 18. Be3 b4 19. Nd1 bxa3 20. Rxa3 Nd7 21. b3 Rb7 22. Nc3 Qb4 23. Nb1 Bb2 24. Bd2 Qb6 25. Ba5 c4+ 26. Kh1 cxd3 27. Bxb6 Bxa3 28. Nxa3 Rxb6 0-1

[Event "Bad Woerishofen op 28th"]
[Site "Bad Woerishofen"]
[Date "2012.03.09"]
[Round "8"]
[White "Gajewski, Richard"]
[Black "Sakowski, Christian"]
[Result "0-1"]
[WhiteElo "1730"]
[BlackElo "1966"]
[PlyCount "94"]
[EventDate "2012.03.02"]
[EventType "swiss"]
[EventRounds "9"]
[EventCountry "GER"]
[SourceTitle "EXT 2019"]
[Source "ChessBase"]
[SourceDate "2018.10.10"]
[SourceVersion "1"]
[SourceVersionDate "2018.10.10"]
[SourceQuality "1"]

1. e4 c6 2. f4 g6 3. d4 d5 4. Bd3 dxe4 5. Bxe4 Nf6 6. Bf3 Bg7 7. c3 0-0 8. Ne2 Bg4 9. Bxg4 Nxg4 10. Ng3 Nf6 11. 0-0 e6 12. Nd2 Nbd7 13. Nf3 Qc7 14. b3 Nd5 15. Ne2 Rfd8 16. Qe1 Rac8 17. Qh4 N7f6 18. g4 c5 19. Bb2 cxd4 20. cxd4 Nb6 21. Ne5 Nbd5 22. f5 exf5 23. gxf5 Ne3 24. fxg6 hxg6 25. Rxf6 Bxf6 26. Qxf6 Rd6 27. Qf2 Nf5 28. Rf1 Qd8 29. Ng4 Qg5 30. h3 Rc2 31. Bc1 Qe7 32. Re1 Re6 33. Ne5 Nxd4 34. Qxd4 Rxe5 35. Bb2 Qc5 36. Qxc5 Rexc5 37. Bd4 Rg5+ 38. Kf2 Rxa2 39. Kf3 Ra3 40. Nc1 Rf5+ 41. Kg4 Kf8 42. Bc3 Ra6 43. Bb4+ Kg7 44. Bc3+ Kf8 45. Bb4+ Kg7 46. Re8 Re6 47. Ne2 Rxe8 0-1

[Event "Regionalliga SW 1112"]
[Site "Bayern"]
[Date "2011.10.23"]
[Round "2.8"]
[White "Seidl, Jens"]
[Black "Sakowski, Christian"]
[Result "1/2-1/2"]
[WhiteElo "1877"]
[BlackElo "1872"]
[PlyCount "84"]
[EventDate "2011.10.02"]
[EventType "team-tourn"]
[EventRounds "9"]
[EventCountry "GER"]
[SourceTitle "EXT 2013"]
[Source "ChessBase"]
[SourceDate "2012.11.22"]
[SourceVersion "1"]
[SourceVersionDate "2012.11.22"]
[SourceQuality "1"]
[WhiteTeam "Krumbach II"]
[BlackTeam "Tuerkheim/Bad Woerishofen"]
[WhiteTeamCountry "GER"]
[BlackTeamCountry "GER"]

1. d4 Nf6 2. c4 e6 3. Nc3 b6 4. e4 Bb7 5. Bd3 Be7 6. Nf3 d6 7. 0-0 0-0 8. Qe2 Nbd7 9. Bg5 e5 10. Rad1 c5 11. dxe5 dxe5 12. Rd2 a6 13. Rfd1 Qc7 14. Nd5 Qd8 15. Ne3 Qc7 16. Nf5 Rfe8 17. Bc2 Nf8 18. Ba4 Red8 19. Nxe7+ Qxe7 20. Nh4 Rxd2 21. Rxd2 Rd8 22. Nf5 Qc7 23. Bxf6 Rxd2 24. Nh6+ Kh8 25. Qxd2 gxf6 26. f3 Bc8 27. Nf5 Bxf5 28. exf5 Kg7 29. h4 h6 30. Qd3 Nh7 31. Kf2 Kf8 32. Qd5 a5 33. Ke3 Ke7 34. Ke4 Nf8 35. g4 Qd6 36. Bb5 Nh7 37. b3 Nf8 38. a3 Nh7 39. Bc6 Nf8 40. Bb5 Nh7 41. Ba6 Nf8 42. Bb5 Nh7 1/2-1/2

[Event "Bad Woerishofen op 24th"]
[Site "Bad Woerishofen"]
[Date "2008.03.07"]
[Round "9"]
[White "Sakowski, Christian"]
[Black "Born, Bernd Ludger"]
[Result "0-1"]
[WhiteElo "1760"]
[BlackElo "1983"]
[PlyCount "104"]
[EventDate "2008.02.28"]
[EventType "swiss"]
[EventRounds "9"]
[EventCountry "GER"]
[SourceTitle "EXT 2022"]
[Source "ChessBase"]
[SourceDate "2021.10.06"]
[SourceVersion "1"]
[SourceVersionDate "2021.10.06"]
[SourceQuality "1"]

1. g3 d5 2. Bg2 c6 3. d4 Bf5 4. Nf3 Nf6 5. Nbd2 h6 6. Ne5 e6 7. Ndf3 Be4 8. 0-0 Nbd7 9. Nd3 Be7 10. c3 0-0 11. a4 c5 12. dxc5 Nxc5 13. Be3 Qc7 14. Bf4 Bd6 15. Bxd6 Qxd6 16. Nxc5 Qxc5 17. Qd4 Rac8 18. e3 Rc7 19. Nd2 Bg6 20. Rfc1 b6 21. Bf1 Rd8 22. Nf3 Be4 23. Ne5 Nd7 24. Nxd7 Rcxd7 25. Bb5 Rc7 26. Qxc5 bxc5 27. b4 Kf8 28. Be2 Rb8 29. f3 Bg6 30. b5 c4 31. Bd1 a6 32. Bc2 axb5 33. Bxg6 fxg6 34. Rab1 Rcb7 35. axb5 Rxb5 36. Rxb5 Rxb5 37. Rc2 Ke7 38. Kf2 Kd6 39. f4 Rb1 40. Kf3 Rd1 41. Ra2 Ke7 42. Rc2 Kf6 43. h4 g5 44. hxg5+ hxg5 45. Ke2 Rd3 46. Kf3 g4+ 47. Kxg4 Rxe3 48. Rc1 e5 49. fxe5+ Kxe5 50. Rc2 d4 51. cxd4+ Kxd4 52. Kf4 Re7 0-1

[Event "Berlin Lichtenberger op 6th"]
[Site "Berlin"]
[Date "2007.??.??"]
[Round "?"]
[White "Gruzmann, Boris"]
[Black "Sakowski, Christian"]
[Result "1-0"]
[WhiteElo "2278"]
[BlackElo "1954"]
[PlyCount "77"]
[EventDate "2007.08.18"]
[EventType "swiss"]
[EventRounds "9"]
[EventCountry "GER"]
[SourceTitle "CBM 120 Extra"]
[Source "ChessBase"]
[SourceDate "2007.11.01"]
[SourceVersion "1"]
[SourceVersionDate "2007.11.01"]
[SourceQuality "1"]

1. e4 c6 2. d4 d5 3. e5 Bf5 4. Be3 e6 5. Nd2 Qb6 6. Nb3 Bg6 7. h4 h5 8. Nh3 Bf5 9. Nf4 g6 10. Be2 Na6 11. c3 Nh6 12. f3 0-0-0 13. Qd2 Nb4 14. Bd1 Na6 15. Ne2 Bg7 16. 0-0 Rd7 17. Nbc1 Nc7 18. b4 a6 19. Nb3 Na8 20. Nc5 Rdd8 21. Nc1 Qa7 22. Be2 Nc7 23. a4 b6 24. N5b3 Qb7 25. Na2 Kb8 26. b5 cxb5 27. a5 bxa5 28. Nxa5 Qb6 29. Nb4 Kc8 30. Ra2 Kd7 31. Nb3 Ra8 32. Rfa1 Kc8 33. Ra5 Ng8 34. Nc5 Bf8 35. Nbxa6 Bxc5 36. dxc5 Qb7 37. c6 Qxc6 38. Nxc7 Rxa5 39. Rxa5 1-0

[Event "Berlin Lichtenberger op 6th"]
[Site "Berlin"]
[Date "2007.??.??"]
[Round "?"]
[White "Keusch, Horst"]
[Black "Sakowski, Christian"]
[Result "1-0"]
[WhiteElo "1882"]
[BlackElo "1954"]
[PlyCount "80"]
[EventDate "2007.08.18"]
[EventType "swiss"]
[EventRounds "9"]
[EventCountry "GER"]
[SourceTitle "CBM 120 Extra"]
[Source "ChessBase"]
[SourceDate "2007.11.01"]
[SourceVersion "1"]
[SourceVersionDate "2007.11.01"]
[SourceQuality "1"]

1. f4 Nf6 2. Nf3 d6 3. d4 g6 4. e3 Bg4 5. Be2 Nbd7 6. 0-0 Bg7 7. c4 Ne4 8. Qe1 e6 9. Nbd2 Nxd2 10. Bxd2 Nf6 11. Rd1 0-0 12. Qh4 Bxf3 13. gxf3 Nd7 14. Qh3 c6 15. Bc3 d5 16. Kh1 Qf6 17. Rg1 Qf5 18. Qf1 Qf6 19. Rg3 Qe7 20. Rh3 dxc4 21. Bxc4 Nb6 22. Bb3 Nd5 23. Bd2 Rfd8 24. Qg2 Qc7 25. Qg3 Ne7 26. Qh4 h5 27. Rg1 Nf5 28. Qf2 Qe7 29. Bc3 Kf8 30. Qe1 Ke8 31. Bb4 Qc7 32. Qf2 Bf8 33. Bc3 Bg7 34. Rd1 Qb6 35. Qe1 Qc7 36. Qg1 Qb6 37. Bxe6 fxe6 38. Qxg6+ Kd7 39. Qf7+ Ne7 40. Qxg7 Rh8 1-0

[Event "Duisburg Grossenbaum op"]
[Site "Duisburg"]
[Date "2006.06.11"]
[Round "7"]
[White "Sakowski, Christian"]
[Black "Gutowski, Andre"]
[Result "0-1"]
[WhiteElo "1965"]
[BlackElo "1839"]
[PlyCount "80"]
[EventDate "2006.06.02"]
[EventType "swiss"]
[EventRounds "7"]
[EventCountry "GER"]
[SourceTitle "EXT 2007"]
[Source "ChessBase"]
[SourceDate "2006.11.23"]
[SourceVersion "1"]
[SourceVersionDate "2006.11.23"]
[SourceQuality "1"]

1. Nf3 b6 2. c4 Bb7 3. Nc3 e6 4. d4 Bb4 5. a3 Bxc3+ 6. bxc3 Nf6 7. e3 Ne4 8. Qc2 f5 9. Be2 0-0 10. 0-0 Nc6 11. Rd1 Na5 12. d5 Qe7 13. Bb2 Ba6 14. dxe6 dxe6 15. Ne5 Rad8 16. g3 Rd6 17. Rd4 Rfd8 18. a4 Qf6 19. f4 c5 20. Rxd6 Rxd6 21. Rd1 Qd8 22. Rxd6 Qxd6 23. Bd3 Nf6 24. Bc1 Bb7 25. Kf2 Nc6 26. Nf3 Ng4+ 27. Kg2 Na5 28. h3 Qc6 29. Qd1 Nf6 30. Kf2 h6 31. Bb2 Ne4+ 32. Bxe4 Qxe4 33. Qd8+ Kh7 34. Qd1 Nxc4 35. Bc1 Bd5 36. h4 Nd6 37. Qe2 Qb1 38. Qd1 Ne4+ 39. Kg2 Nxc3 40. Qd2 Nxa4 0-1

[Event "Duisburg Grossenbaum op"]
[Site "Duisburg"]
[Date "2006.06.03"]
[Round "3"]
[White "Sakowski, Christian"]
[Black "Karwatzki, Hans Juergen"]
[Result "1/2-1/2"]
[WhiteElo "1965"]
[BlackElo "1693"]
[PlyCount "82"]
[EventDate "2006.06.02"]
[EventType "swiss"]
[EventRounds "7"]
[EventCountry "GER"]
[SourceTitle "EXT 2007"]
[Source "ChessBase"]
[SourceDate "2006.11.23"]
[SourceVersion "1"]
[SourceVersionDate "2006.11.23"]
[SourceQuality "1"]

1. g3 e5 2. c4 d5 3. Bg2 d4 4. d3 Nc6 5. Nf3 Bg4 6. 0-0 Nf6 7. Bg5 h6 8. Bxf6 Qxf6 9. Nbd2 Be7 10. Ne4 Qe6 11. Re1 f5 12. Ned2 e4 13. Nh4 g5 14. h3 Bh5 15. Nxf5 Qxf5 16. g4 Bxg4 17. hxg4 Qxg4 18. Nxe4 0-0-0 19. f3 Qf4 20. Qd2 Bb4 21. Qxf4 gxf4 22. Red1 Rhg8 23. Kf2 Be7 24. Rh1 Bg5 25. Bh3+ Kb8 26. Bg4 a5 27. b3 Nb4 28. Rac1 Rg6 29. a3 Nc6 30. Rh5 Rdg8 31. Nxg5 hxg5 32. Bf5 R6g7 33. Rch1 Ne5 34. Be4 c6 35. b4 axb4 36. axb4 Nd7 37. Rh7 Nf6 38. Rxg7 Rxg7 39. Rh8+ Kc7 40. Bf5 Kd6 41. Bg4 Ke5 1/2-1/2

[Event "Ruhrhalbinsel op"]
[Site "Essen"]
[Date "2006.05.25"]
[Round "3"]
[White "Straeter, Timo"]
[Black "Sakowski, Christian"]
[Result "1-0"]
[WhiteElo "2342"]
[BlackElo "1965"]
[PlyCount "67"]
[EventDate "2006.05.24"]
[EventType "swiss"]
[EventRounds "7"]
[EventCountry "GER"]
[SourceTitle "EXT 2007"]
[Source "ChessBase"]
[SourceDate "2006.11.23"]
[SourceVersion "1"]
[SourceVersionDate "2006.11.23"]
[SourceQuality "1"]

1. d4 Nf6 2. c4 e6 3. Nc3 b6 4. e4 Bb7 5. Bd3 d6 6. f4 Nbd7 7. Nf3 c5 8. d5 exd5 9. cxd5 Be7 10. 0-0 0-0 11. Bc4 a6 12. e5 Ne8 13. a4 Nc7 14. Qd3 Re8 15. Ne4 Nf8 16. Nc3 Ng6 17. Be3 Nh4 18. Ng5 Ng6 19. e6 fxe6 20. Nxe6 Nxe6 21. dxe6 Qc7 22. Bd5 Rf8 23. Bxb7 Qxb7 24. Nd5 Rad8 25. Qe4 Qa7 26. Rae1 Rde8 27. f5 Ne5 28. Bf4 Nc6 29. Nxe7+ Nxe7 30. Bxd6 Rd8 31. Rd1 Rfe8 32. Be5 Qa8 33. Qg4 g6 34. f6 1-0

[Event "Solingen op-B"]
[Site "Solingen"]
[Date "2005.05.28"]
[Round "4"]
[White "Becker, Carsten Uwe"]
[Black "Sakowski, Christian"]
[Result "1/2-1/2"]
[WhiteElo "1519"]
[BlackElo "1742"]
[PlyCount "35"]
[EventDate "2005.05.26"]
[EventType "swiss"]
[EventRounds "7"]
[EventCountry "GER"]
[SourceTitle "EXT 2006"]
[Source "ChessBase"]
[SourceDate "2005.11.24"]
[SourceVersion "1"]
[SourceVersionDate "2005.11.24"]
[SourceQuality "1"]

1. d4 Nf6 2. c4 g6 3. Nc3 d5 4. cxd5 Nxd5 5. e4 Nxc3 6. bxc3 Bg7 7. Bc4 0-0 8. Be3 c5 9. Ne2 cxd4 10. cxd4 Nc6 11. 0-0 Na5 12. Bd3 b6 13. Rc1 Bb7 14. Qd2 Qd7 15. Rfd1 e6 16. Bh6 Rfc8 17. Bxg7 Kxg7 18. Qb2 1/2-1/2

[Event "Solingen op-B"]
[Site "Solingen"]
[Date "2005.05.26"]
[Round "1"]
[White "Sakowski, Christian"]
[Black "Neumair, Cedric"]
[Result "0-1"]
[WhiteElo "1742"]
[BlackElo "1240"]
[PlyCount "88"]
[EventDate "2005.05.26"]
[EventType "swiss"]
[EventRounds "7"]
[EventCountry "GER"]
[SourceTitle "EXT 2006"]
[Source "ChessBase"]
[SourceDate "2005.11.24"]
[SourceVersion "1"]
[SourceVersionDate "2005.11.24"]
[SourceQuality "1"]

1. d4 d5 2. Nf3 Nf6 3. c4 c6 4. Nc3 Bf5 5. e3 e6 6. Bd3 Bxd3 7. Qxd3 Bb4 8. 0-0 0-0 9. Bd2 Nbd7 10. a3 dxc4 11. Qxc4 Bd6 12. Rac1 Nb6 13. Qe2 Re8 14. Rfd1 e5 15. dxe5 Bxe5 16. Nxe5 Rxe5 17. Qf1 Rh5 18. f3 Qc7 19. g3 Re8 20. e4 Nbd7 21. Be3 Ne5 22. Nb5 Nxf3+ 23. Qxf3 Rxb5 24. Bd4 Nxe4 25. Re1 Qe7 26. Rcd1 Rd5 27. Bxa7 Rxd1 28. Qxd1 f5 29. Qb3+ Qe6 30. Qxe6+ Rxe6 31. Bb8 Ng5 32. Rxe6 Nxe6 33. Kf2 Kf7 34. Be5 Kg6 35. Ke3 Kg5 36. h3 h5 37. a4 h4 38. Kf3 hxg3 39. Kxg3 f4+ 40. Kf3 Kf5 41. Bc3 Ng5+ 42. Kg2 g6 43. h4 Ne4 44. Be1 Kg4 0-1

[Event "Duisburg Grossenbaum op"]
[Site "Duisburg"]
[Date "2005.05.13"]
[Round "1"]
[White "Sakowski, Christian"]
[Black "Passon, Andreas"]
[Result "1-0"]
[WhiteElo "1991"]
[BlackElo "1404"]
[PlyCount "73"]
[EventDate "2005.05.13"]
[EventType "swiss"]
[EventRounds "7"]
[EventCountry "GER"]
[SourceTitle "EXT 2006"]
[Source "ChessBase"]
[SourceDate "2005.11.24"]
[SourceVersion "1"]
[SourceVersionDate "2005.11.24"]
[SourceQuality "1"]

1. d4 d5 2. Nf3 c6 3. Bf4 Nd7 4. e3 Ngf6 5. Nbd2 Nh5 6. Bg5 h6 7. Bh4 Nhf6 8. c4 e6 9. Bd3 Be7 10. Qc2 Qc7 11. Bg3 Bd6 12. e4 dxe4 13. Nxe4 Nxe4 14. Bxe4 Bxg3 15. hxg3 Nf6 16. 0-0-0 Qa5 17. Kb1 Nxe4 18. Qxe4 Qf5 19. Qxf5 exf5 20. Rhe1+ Kf8 21. Re3 Be6 22. b3 g6 23. Ne5 Rd8 24. Nxg6+ fxg6 25. Rxe6 Kf7 26. Re5 Rhe8 27. f4 Rxe5 28. fxe5 Ke6 29. Kc2 c5 30. Kc3 cxd4+ 31. Rxd4 Rxd4 32. Kxd4 g5 33. b4 h5 34. c5 f4 35. gxf4 gxf4 36. Ke4 f3 37. gxf3 1-0

[Event "Ruhrgebiet VK3 0304"]
[Site "Ruhrgebiet"]
[Date "2004.03.28"]
[Round "8.5"]
[White "Buechle, Regina"]
[Black "Sakowski, Christian"]
[Result "1-0"]
[WhiteElo "1830"]
[BlackElo "1786"]
[PlyCount "119"]
[EventDate "2003.09.28"]
[EventType "team-tourn"]
[EventRounds "9"]
[EventCountry "GER"]
[SourceTitle "EXT 2007"]
[Source "ChessBase"]
[SourceDate "2006.11.23"]
[SourceVersion "1"]
[SourceVersionDate "2006.11.23"]
[SourceQuality "1"]
[WhiteTeam "Brackel II"]
[BlackTeam "Muelheim Heissen II"]
[WhiteTeamCountry "GER"]
[BlackTeamCountry "GER"]

1. d4 Nf6 2. Nf3 g6 3. c4 Bg7 4. Nc3 d5 5. cxd5 Nxd5 6. e4 Nxc3 7. bxc3 0-0 8. Be3 c5 9. Qd2 cxd4 10. cxd4 Nc6 11. Rc1 Qa5 12. Qxa5 Nxa5 13. Bd3 Bg4 14. d5 Rac8 15. 0-0 Bxf3 16. gxf3 b6 17. Ba6 Rc3 18. Rxc3 Bxc3 19. Rc1 Be5 20. Bd2 Rb8 21. f4 Bd4 22. Rc7 Kf8 23. Bb5 Bf6 24. Rxa7 Rd8 25. Rc7 Ra8 26. Bb4 Rb8 27. e5 Bh4 28. d6 exd6 29. Bxd6+ Kg8 30. Rxf7 Kxf7 31. Bxb8 Bd8 32. Kg2 Ke6 33. Kf3 Nb7 34. Bc4+ Kf5 35. Bd3+ Ke6 36. Kg4 h5+ 37. Kf3 Kf7 38. Bc4+ Ke7 39. Ke4 Nc5+ 40. Kd4 Ne6+ 41. Bxe6 Kxe6 42. a4 Be7 43. Bd6 Bh4 44. Ke3 Kd5 45. h3 Bd8 46. f3 Bh4 47. Bb4 Kc4 48. Bf8 Kd5 49. Kd3 Be1 50. Be7 Ba5 51. Bd8 Ke6 52. Kc4 Kd7 53. Bh4 Bd2 54. Bg5 Be1 55. Kd5 Bc3 56. e6+ Ke8 57. Ke4 Bd2 58. Bf6 Be1 59. f5 gxf5+ 60. Kxf5 1-0

[Event "Ruhrgebiet VK3 0304"]
[Site "Ruhrgebiet"]
[Date "2004.02.29"]
[Round "7.7"]
[White "Sakowski, Christian"]
[Black "Welke, Thomas"]
[Result "1/2-1/2"]
[WhiteElo "1786"]
[BlackElo "1978"]
[PlyCount "30"]
[EventDate "2003.09.28"]
[EventType "team-tourn"]
[EventRounds "9"]
[EventCountry "GER"]
[SourceTitle "EXT 2007"]
[Source "ChessBase"]
[SourceDate "2006.11.23"]
[SourceVersion "1"]
[SourceVersionDate "2006.11.23"]
[SourceQuality "1"]
[WhiteTeam "Muelheim Heissen II"]
[BlackTeam "Buer"]
[WhiteTeamCountry "GER"]
[BlackTeamCountry "GER"]

1. d4 f5 2. Bg5 Nf6 3. Bxf6 exf6 4. e3 d5 5. Bd3 Be6 6. Ne2 Bd6 7. 0-0 Qe7 8. Nd2 0-0 9. c4 dxc4 10. Bxc4 Kh8 11. Bxe6 Qxe6 12. Qb3 Qxb3 13. Nxb3 Nd7 14. Rac1 Rfe8 15. Nc3 c6 1/2-1/2

[Event "Alpenpokal op 30th"]
[Site "Tiefenbach"]
[Date "2004.??.??"]
[Round "7"]
[White "Herzog, Manfred"]
[Black "Sakowski, Christian"]
[Result "0-1"]
[WhiteElo "1725"]
[BlackElo "1776"]
[PlyCount "58"]
[EventDate "2004.01.08"]
[EventType "swiss"]
[EventRounds "9"]
[EventCountry "GER"]
[SourceTitle "EXT 2006"]
[Source "ChessBase"]
[SourceDate "2005.11.24"]
[SourceVersion "1"]
[SourceVersionDate "2005.11.24"]
[SourceQuality "1"]

1. d4 Nf6 2. c4 e6 3. Nc3 b6 4. e4 d6 5. Nf3 Bb7 6. d5 e5 7. Be2 Nbd7 8. 0-0 Nc5 9. Qc2 a5 10. Ne1 Be7 11. Be3 Nfd7 12. Nd3 Nxd3 13. Bxd3 0-0 14. a3 Bg5 15. Bxg5 Qxg5 16. Nb5 Rfc8 17. b4 Ba6 18. bxa5 Bxb5 19. cxb5 Rxa5 20. Qc6 Nc5 21. Rfd1 Qd8 22. f3 Rca8 23. Bf1 Rxa3 24. Rxa3 Rxa3 25. Rc1 Kf8 26. Rc2 Ke7 27. Bc4 Qb8 28. Ra2 Rxa2 29. Bxa2 Qa7 0-1

[Event "Alpenpokal op 30th"]
[Site "Tiefenbach"]
[Date "2004.??.??"]
[Round "1"]
[White "Meyer, Thomas"]
[Black "Sakowski, Christian"]
[Result "0-1"]
[WhiteElo "1598"]
[BlackElo "1776"]
[PlyCount "96"]
[EventDate "2004.01.08"]
[EventType "swiss"]
[EventRounds "9"]
[EventCountry "GER"]
[SourceTitle "EXT 2006"]
[Source "ChessBase"]
[SourceDate "2005.11.24"]
[SourceVersion "1"]
[SourceVersionDate "2005.11.24"]
[SourceQuality "1"]

1. d4 Nf6 2. c4 g6 3. Nc3 d5 4. cxd5 Nxd5 5. e4 Nxc3 6. bxc3 Bg7 7. Bc4 0-0 8. Be3 c5 9. Ne2 cxd4 10. cxd4 Nc6 11. 0-0 Na5 12. Bd3 b6 13. Qd2 Bb7 14. Rac1 Qd7 15. Rc2 Rfc8 16. Rfc1 e6 17. Rxc8+ Rxc8 18. Rxc8+ Qxc8 19. Qc3 Qxc3 20. Nxc3 Nc6 21. Ne2 Nb4 22. Bb1 Ba6 23. Kf1 Nc6 24. d5 exd5 25. exd5 Nd4 26. Bxd4 Bxd4 27. Ke1 Be5 28. f4 Bf6 29. Kd2 Bc4 30. d6 Kf8 31. Nc3 Bxc3+ 32. Kxc3 Bd5 33. g3 f6 34. Kd4 Be6 35. Be4 Bxa2 36. Bd5 Bxd5 37. Kxd5 Ke8 38. Ke6 f5 39. Kf6 a5 40. Kg7 a4 41. Kxh7 a3 42. Kxg6 a2 43. Kxf5 a1Q 44. g4 Qh8 45. g5 Qxh2 46. g6 Qh8 47. Kg5 Qd4 48. f5 Qd2+ 0-1